La cultura como recurso en las políticas de desarrollo rural: una lectura desde la globalizacion (Registro nro. 17526)
[ vista simple ]
| 000 -CABECERA | |
|---|---|
| Campo de control | 01064nam a22002057a 4500 |
| 005 - FECHA Y HORA DE LA ULTIMA TRANSACCION | |
| Campo de control | 20180803170132.0 |
| 008 - ELEMENTOS DE LONGITUD FIJA—INFORMACION GENERAL | |
| Campo de control | 150706b2002 ck ||||| |||| 00| 0 spa d |
| 040 ## - FUENTE DE CATALOGACIÓN | |
| Agencia catalogadora original | CO-BoIAVH |
| Agencia transcriptora | CO-BoIAVH |
| 041 ## - IDIOMA | |
| Código de idioma para texto/pista de sonido o título separado | Español |
| 090 ## - CLASIFICACIÓN LOCAL | |
| Colección | AR |
| 110 ## - ASIENTO PRINCIPAL--NOMBRE CORPORATIVO | |
| Nombre corporativo o de jurisdicción como elemento de entrada | Universidad Javeriana |
| 245 ## - MENCION DE TITULO | |
| Título | La cultura como recurso en las políticas de desarrollo rural: una lectura desde la globalizacion |
| 260 ## - PUBLICACION, DISTRIBUCION, ETC. (PIE DE IMPRENTA) | |
| Lugar de publicación, distribución, etc. | Colombia: |
| Nombre del editor, distribuidor, etc. | Universidad Javeriana, |
| Fecha de publicación, distribución, etc. | 2002. |
| 300 ## - DESCRIPCION FISICA | |
| Extensión | P 13 A 34 |
| 520 ## - NOTA DE RESUMEN, ETC. | |
| Nota de resumen | Análisis del papel que la cultura esta desempeñando, dentro de las actuales políticas de desarrollo rural en España, explica la imbricación de las actuaciones sobre el patrimonio cultural con un nuevo discurso de desarrollo económico que contempla la cultura local como un recurso<br/> |
| 650 ## - ASIENTO SECUNDARIO DE MATERIA - TERMINO TEMATICO | |
| Término temático o nombre geográfico como elemento de entrada | Desarrollo rural |
| 773 0# - Item fuente: | |
| Asiento principal | Universidad Javeriana, Ideade-det |
| Lugar, editorial y fecha de publicación | Colombia: Universidad Javeriana Ideade-det, 2002- |
| Otro identificador del ítem - Codigo de Barras | 029725 |
| Título | Ambiente y Desarrollo |
| Número Internacional Normalizado para Publicaciones Seriadas - ISSN | 0121-7607 |
| 856 ## - LOCALIZACION Y ACCESO ELECTRONICOS | |
| Identificador Uniforme del Recurso | http://revistas.javeriana.edu.co/index.php/ambienteydesarrollo/issue/view/490 |
| 942 ## - ELEMENTOS ADICIONALES (KOHA) | |
| Sistema de clasificación | Local |
| Tipo de ítem | Artículo |
No hay ítems disponibles.